Mad Cow Disease - Statistics

General Stats
  • This quiz has been taken 6 times
  • The average score is 4 of 9
Answer Stats
Hint Answer % Correct
Scientific name of MCD Bovine Spongiform Encephalopathy
67%
Disease spotted in Papua New Guinea in the 1950s that helped identify MCD Kuru
67%
Type of pathogen that causes MCD Prion
67%
Country where MCD was first spotted United Kingdom
67%
Tribe affected by this disease Fore
33%
Name one of the symptoms of human MCD Hallucinations, ataxia, myoclonus, seizures, blindness, dementia, dysphagia, dysarthria
33%
Scientific name of the disease he had (human MCD) (new) Variant Creutzfeldt-Jakob Disease
33%
First human death from MCD Stephen Churchill
33%
Person who discovered this pathogen, and won the Nobel Prize for it Stanley B. Prusiner
0%
No matching quizzes found
Score Distribution
Percent of People with Each Score
Percentile by Number Answered
Your Score History
You have not taken this quiz